Locomotion 2: Deltopectoral & Posterior Arm - Statistics

General Stats
  • This quiz has been taken 12 times
  • The average score is 65 of 99
Answer Stats
Question Tile Select % Correct
anatomical Origin(s), Insertion(s) and Action(s) of Subscapularis m. O: 3rd-5th Costal cartilage No
100%
anatomical Origin(s), Insertion(s) and Action(s) of Deltoid m. Act: Full arm rotation No
91%
anatomical Origin(s), Insertion(s) and Action(s) of Subscapularis m. Act: pronates arm No
91%
anatomical Origin(s), Insertion(s) and Action(s) of Subscapularis m. I: Bicipital groove of Humerus No
91%
anatomical Origin(s), Insertion(s) and Action(s) of Deltoid m. I: Deltoid groove of Humerus No
91%
anatomical Origin(s), Insertion(s) and Action(s) of Deltoid m. I: Deltoid tubercle of Humerus No
91%
anatomical Origin(s), Insertion(s) and Action(s) of Subscapularis m. O: Subscapular fossa Yes
91%
anatomical Origin(s), Insertion(s) and Action(s) of Subscapularis m. O: Subscapular tubercle No
91%
anatomical Origin(s), Insertion(s) and Action(s) of Deltoid m. Act: Full arm adduction No
82%
anatomical Origin(s), Insertion(s) and Action(s) of Subscapularis m. Act: laterally rotates arm No
82%
anatomical Origin(s), Insertion(s) and Action(s) of Supraspinatus m. Act: laterally rotates arm No
82%
anatomical Origin(s), Insertion(s) and Action(s) of Subscapularis m. Act: medially rotates arm Yes
82%
anatomical Origin(s), Insertion(s) and Action(s) of Supraspinatus m. Act: medially rotates arm No
82%
muscles that innervated by Axillary nerve Biceps brachii No
82%
muscles that innervated by Radial nerve Biceps brachii No
82%
muscles that innervated by Axillary nerve Deltoid Yes
82%
muscles that innervated by Radial nerve Deltoid No
82%
anatomical Origin(s), Insertion(s) and Action(s) of Deltoid m. I: Deltoid tuberosity of Humerus Yes
82%
anatomical Origin(s), Insertion(s) and Action(s) of Supraspinatus m. I: Lesser tubercle of Humerus No
82%
muscles that innervated by Axillary nerve Infraspinatus No
82%
muscles that innervated by Radial nerve Infraspinatus No
82%
anatomical Origin(s), Insertion(s) and Action(s) of Deltoid m. O: Acromion of Scapula Yes
82%
anatomical Origin(s), Insertion(s) and Action(s) of Supraspinatus m. O: Supraspinous fossa Yes
82%
anatomical Origin(s), Insertion(s) and Action(s) of Supraspinatus m. O: Supraspinous groove No
82%
anatomical Origin(s), Insertion(s) and Action(s) of Supraspinatus m. O: Supraspinous tubercle No
82%
muscles that innervated by Axillary nerve Subclavius No
82%
muscles that innervated by Radial nerve Subclavius No
82%
muscles that innervated by Axillary nerve Subscapularis No
82%
muscles that innervated by Radial nerve Subscapularis No
82%
muscles that innervated by Axillary nerve Supraspinatus No
82%
muscles that innervated by Radial nerve Supraspinatus No
82%
muscles that innervated by Axillary nerve Teres major No
82%
muscles that innervated by Radial nerve Teres major No
82%
muscles that innervated by Radial nerve Teres minor No
82%
muscles that innervated by Axillary nerve Triceps brachii No
82%
muscles that innervated by Radial nerve Triceps brachii Yes
82%
anatomical Origin(s), Insertion(s) and Action(s) of Supraspinatus m. Act: abduct arm Yes
73%
anatomical Origin(s), Insertion(s) and Action(s) of Triceps brachii m. Act: extends elbow Yes
73%
anatomical Origin(s), Insertion(s) and Action(s) of Deltoid m. Act: Full arm abduction Yes
73%
anatomical Origin(s), Insertion(s) and Action(s) of Triceps brachii m. Act: pronate No
73%
anatomical Origin(s), Insertion(s) and Action(s) of Supraspinatus m. I: Bicipital groove of Humerus No
73%
anatomical Origin(s), Insertion(s) and Action(s) of Triceps brachii m. I: Coronoid process of Ulna No
73%
anatomical Origin(s), Insertion(s) and Action(s) of Subscapularis m. I: Greater tubercle of Humerus No
73%
anatomical Origin(s), Insertion(s) and Action(s) of Supraspinatus m. I: Greater tubercle of Humerus Yes
73%
anatomical Origin(s), Insertion(s) and Action(s) of Triceps brachii m. O: Infraglenoid tubercle of Scapula Yes
73%
anatomical Origin(s), Insertion(s) and Action(s) of Deltoid m. O: Spine of Scapula Yes
73%
muscles that innervated by Axillary nerve Teres minor Yes
73%
anatomical Origin(s), Insertion(s) and Action(s) of Teres major m. Act: laterally rotates arm No
64%
anatomical Origin(s), Insertion(s) and Action(s) of Teres major m. Act: medially rotates arm Yes
64%
anatomical Origin(s), Insertion(s) and Action(s) of Infraspinatus m. Act: medially rotates arm No
64%
anatomical Origin(s), Insertion(s) and Action(s) of Triceps brachii m. Act: supinate No
64%
muscles that innervated by Suprascapular nerve Biceps brachii No
64%
muscles that innervated by Upper & Lower subscapular nerve Biceps brachii No
64%
muscles that innervated by Suprascapular nerve Deltoid No
64%
anatomical Origin(s), Insertion(s) and Action(s) of Subscapularis m. I: Lesser tubercle of Humerus Yes
64%
anatomical Origin(s), Insertion(s) and Action(s) of Infraspinatus m. I: Lesser tubercle of Humerus No
64%
muscles that innervated by Upper & Lower subscapular nerve Infraspinatus No
64%
anatomical Origin(s), Insertion(s) and Action(s) of Triceps brachii m. I: Olecranon process of Ulna Yes
64%
anatomical Origin(s), Insertion(s) and Action(s) of Triceps brachii m. I: Ulnar tuberosity of Ulna No
64%
anatomical Origin(s), Insertion(s) and Action(s) of Deltoid m. O: Clavicle Yes
64%
anatomical Origin(s), Insertion(s) and Action(s) of Triceps brachii m. O: Humerus above & below Radial groove Yes
64%
anatomical Origin(s), Insertion(s) and Action(s) of Triceps brachii m. O: Humerus at lateral epicondyle No
64%
anatomical Origin(s), Insertion(s) and Action(s) of Infraspinatus m. O: Infraspinous tuberosity No
64%
muscles that innervated by Suprascapular nerve Subclavius No
64%
muscles that innervated by Upper & Lower subscapular nerve Supraspinatus No
64%
muscles that innervated by Suprascapular nerve Triceps brachii No
64%
muscles that innervated by Upper & Lower subscapular nerve Triceps brachii No
64%
anatomical Origin(s), Insertion(s) and Action(s) of Infraspinatus m. Act: abducts arm No
55%
anatomical Origin(s), Insertion(s) and Action(s) of Infraspinatus m. Act: laterally rotates arm Yes
55%
anatomical Origin(s), Insertion(s) and Action(s) of Teres major m. I: Lesser tubercle of Humerus No
55%
muscles of Rotator cuff Infraspinatus Yes
55%
anatomical Origin(s), Insertion(s) and Action(s) of Teres major m. O: Upper part of lateral border of Scapula No
55%
muscles that innervated by Upper & Lower subscapular nerve Subclavius No
55%
muscles of Rotator cuff Subscapularis Yes
55%
muscles that innervated by Suprascapular nerve Subscapularis No
55%
muscles of Rotator cuff Supraspinatus Yes
55%
muscles that innervated by Suprascapular nerve Supraspinatus Yes
55%
muscles that innervated by Suprascapular nerve Teres minor No
55%
muscles that innervated by Upper & Lower subscapular nerve Teres minor No
55%
muscles of Rotator cuff Triceps brachii No
55%
anatomical Origin(s), Insertion(s) and Action(s) of Teres major m. Act: adducts arm Yes
45%
muscles of Rotator cuff Biceps brachii No
45%
muscles of Rotator cuff Deltoid No
45%
muscles that innervated by Upper & Lower subscapular nerve Deltoid No
45%
anatomical Origin(s), Insertion(s) and Action(s) of Infraspinatus m. I: Bicipital groove of Humerus No
45%
anatomical Origin(s), Insertion(s) and Action(s) of Teres major m. I: Greater tubercle of Humerus No
45%
anatomical Origin(s), Insertion(s) and Action(s) of Infraspinatus m. I: Greater tubercle of Humerus Yes
45%
muscles that innervated by Suprascapular nerve Infraspinatus Yes
45%
anatomical Origin(s), Insertion(s) and Action(s) of Teres major m. O: Lower part of medial border of Scapula No
45%
muscles of Rotator cuff Subclavius No
45%
muscles that innervated by Upper & Lower subscapular nerve Subscapularis Yes
45%
muscles that innervated by Suprascapular nerve Teres major No
45%
anatomical Origin(s), Insertion(s) and Action(s) of Teres major m. I: Bicipital groove of Humerus Yes
36%
anatomical Origin(s), Insertion(s) and Action(s) of Infraspinatus m. O: Infraspinatus fossa No
36%
anatomical Origin(s), Insertion(s) and Action(s) of Infraspinatus m. O: Infraspinous fossa Yes
36%
anatomical Origin(s), Insertion(s) and Action(s) of Teres major m. O: Lower part of lateral border of Scapula Yes
36%
muscles that innervated by Upper & Lower subscapular nerve Teres major Yes
27%
muscles of Rotator cuff Teres major Yes
9%
muscles of Rotator cuff Teres minor No
9%
No matching quizzes found
Score Distribution
Percent of People with Each Score
Percentile by Number Answered
Your Score History
You have not taken this quiz